Skindred Songs - Statistics

General Stats
  • This quiz has been taken 3 times
  • The average score is 6 of 90
Answer Stats
Answer % Correct
Kill The Power
100%
Ratrace
100%
Babylon
67%
Gimme That Boom
67%
Nobody
67%
Big Tings
33%
Ninja
33%
Roots Rock Riot
33%
Set Fazers
33%
Trouble
33%
Unstoppable
33%
Volume
33%
110%
0%
3 Words
0%
Addicted
0%
Alive
0%
All This Time
0%
Alright
0%
Bad Man Ah Bad Man
0%
Black Stars
0%
Broken Glass
0%
Bruises
0%
Calling All Stations
0%
Cause Ah Riot
0%
Choices And Decisions
0%
Corrupted
0%
Cut Dem
0%
Days Like These
0%
Death To All Spies
0%
Destroy The Dancefloor
0%
Dollars And Dimes
0%
Doom Riff
0%
Ease Up
0%
Electric Avenue
0%
Firing The Love
0%
Game Over
0%
Get It Now
0%
Guntalk
0%
Hit The Ground
0%
If I Could
0%
Invincible
0%
Killing Me
0%
Last Chance
0%
Life That's Free
0%
Living A Lie
0%
Loud And Clear
0%
L.O.V.E
0%
Machine
0%
Make Your Mark
0%
Mama
0%
More Fire
0%
No Justice
0%
Open Eyed
0%
Our Religion
0%
Own You
0%
Playing With The Devil
0%
Pressure
0%
Proceed With Caution
0%
Rude Boy For Life
0%
Ruling Force
0%
Saturday
0%
Saying It Now
0%
Saying It Now
0%
Selector
0%
Set It Off
0%
Shut Ya Mouth
0%
Sound The Siren
0%
Spit Out The Poisin
0%
Stand For Something
0%
Stand Up
0%
Start First
0%
State Of Emergency
0%
State Of The Union
0%
Straight Jacket
0%
Tears
0%
Tell Me
0%
That's My Jam
0%
The Beginning Of Sorrows
0%
The Fear
0%
The Healing
0%
The Kids Are Right Now
0%
This Appointed Love
0%
Under Attack
0%
Warning
0%
We Live
0%
We Want
0%
Who Are You_
0%
World Domination
0%
Worlds On Fire
0%
You Can't Stop It
0%
No matching quizzes found
Score Distribution
Percent of People with Each Score
Percentile by Number Answered
Your Score History
You have not taken this quiz